| 000 | 00481nam a2200169Ia 4500 | ||
|---|---|---|---|
| 008 | 140429s9999 xx 000 0 und d | ||
| 020 | _a9780486479415 | ||
| 050 |
_aNC 760 _b.S7 2010 |
||
| 100 | _aSparkes, John C. L. | ||
| 245 | 4 |
_aThe complete guide to artistic anatomy / _cJohn C. L. Sparkes. |
|
| 260 |
_aNew York : _bDover Pub. Inc., _cc2010. |
||
| 300 |
_a72 p. : _bill. ; _c28 cm. |
||
| 521 | _aMA | ||
| 650 | _aAnatomy, Artistic. | ||
| 942 |
_kFOR _cBK |
||
| 999 |
_c115700 _d115700 |
||